000 00977naa a22002777a 4500
001 BR7502409
003 BR-BrBNA
005 20240918173726.0
007 ta
008 230509b bl.||||| |||| 00| 0 por d
040 _aBR-BrBNA
_bpor
_cBiblioteca Nacional de Agricultura
041 _a(Pt)
072 _aP00
_b/G514
090 _aP00 BR7502409
100 1 _aCoe, H.
100 1 _aSantos, D.F. dos
245 1 _aRecursos naturais e planejamento economico em goias [Brasil]
260 3 _aGoiania, GO (Brasil):
_bEd. Ooriente,
_c1975.
500 _aCiclo de conferencias sobre integracao e desenvolvimento Goiania, GO (Brasil): Ed. Ooriente, 1975. v. 3 p. 19-25 (BR7502409-AM)P00
650 _aRecurso natural
650 _aPlanejamento economico
650 _aGoias
773 0 _tCiclo de conferencias sobre integracao e desenvolvimento
_wP00 BR7502409
_gGoiania, GO (Brasil), 1975. v. 3 p. 19-25
909 _a202404
_bLucia
_c55
_dLucia Elande
942 _cAM
_2AGRIS
999 _c306467
_d306467